00708nam a22002052 4500001001100000005001700011008004100028020001700069040001500086245010800101250001300209260005200222300001800274630005400292650005400346700003100400700003400431700003400465852000300499000002374820151217161203.0130321s xx 000 0 eng d a0830814515 : aKABUcKABU10aDictionary of Biblical imagery /cgeneral editors: Leland Ryken, James C. Wilhoit, Tremper Longman III. a1st ed. aDowners Grove, IL :bInterVarsity Press,c1998. axxi, 1058 p.00aBiblevDictionariesxLanguage, style.@0000183441 0aSymbolism in the BiblevDictionaries.@00001834421 aRyken, Leland.@00001599251 aWilhoit, James C.@00001833811 aLongman, Tremper.@00001606761